Cargando...
Bali vanna katha /
| Autor Principal: | |
|---|---|
| Formato: | Printed Book |
| Idioma: | Malayalam |
| Publicado: |
Kozhikode:
Mathrubhumi,
2014.
|
| Subjects: |
| LEADER | 00498cam a2200169ua 4500 | ||
|---|---|---|---|
| 008 | 140328t2014||||||||||| 00 ||mal c | ||
| 041 | 0 | |a mal | |
| 082 | |a 398.2 |b RAV/B | ||
| 100 | 0 | |a Ravi,, T.V. | |
| 245 | 1 | 0 | |a Bali vanna katha / |
| 260 | |a Kozhikode: |b Mathrubhumi, |c 2014. | ||
| 362 | 1 | |a 2014. | |
| 650 | |a Bali theyyam | ||
| 650 | 0 | |a Theyyam | |
| 942 | |c REF | ||
| 999 | |c 29966 |d 29966 | ||
| 952 | |0 0 |1 0 |4 0 |6 398_200000000000000_RAV |7 0 |9 31774 |a KUCL |b KUCL |d 2014-05-23 |l 0 |o 398.2 RAV/ |p MC/A91 |r 2014-05-23 |w 2014-05-23 |y REF | ||